Az Alkotmánybíróság szerepe a jogrendszerben
Elmentve itt :
| Szerző: | |
|---|---|
| További közreműködők: | |
| Dokumentumtípus: | Szakdolgozat |
| Megjelent: |
2001
|
| Tárgyszavak: | |
| Online Access: | http://diploma.bibl.u-szeged.hu/26431 |
| LEADER | 00555nta a2200157 i 4500 | ||
|---|---|---|---|
| 001 | dipl26431 | ||
| 005 | 20130314084129.0 | ||
| 008 | 111017s2001 hu om 0|| zxx d | ||
| 040 | |a SZTE Diploma Repozitórium |b hun | ||
| 041 | |a zxx | ||
| 100 | 1 | |a Győrfi Attila | |
| 245 | 1 | 3 | |a Az Alkotmánybíróság szerepe a jogrendszerben |h [elektronikus dokumentum] / |c Attila Győrfi |
| 260 | |c 2001 | ||
| 650 | 4 | |a Jogi és igazgatási tanulmányok | |
| 700 | 1 | |a Badó Attila |e ths | |
| 856 | 4 | 0 | |u http://diploma.bibl.u-szeged.hu/id/eprint/26431/1/2001_gyorfi_attlia.pdf |z Dokumentum-elérés |